[Event "Olimpiade 2024 - Donne"]
[Site "Budapest"]
[Date "21.09.2024"]
[Round "10.38"]
[Board "4"]
[White "Durrfeld, Sofie Bech"]
[Black "Kim, Sarang"]
[Result "1/2-1/2"]
[WhiteElo "1937"]
[BlackElo "1732"]
[WhiteTeam "Denmark"]
[BlackTeam "South Korea"]
[WhiteFideId "1451324"]
[BlackFideId "13212834"]
[EventDate "2024.09.11"]

1. e4 e6 2. d4 d5 3. Nc3 Bb4 4. Ne2 dxe4 5. a3 Bxc3+ 6. Nxc3 f5 7. Qh5+ g6 8.
Qh3 b6 9. Bf4 Ba6 10. Nb5 Bxb5 11. Bxb5+ c6 12. Bc4 Qe7 13. Qg3 Nd7 14. Bd6 Qf6
15. O-O-O b5 16. Bb3 Ne7 17. Rhe1 Nd5 18. c4 bxc4 19. Bxc4 Kf7 20. Qb3 N7b6 21.
Kb1 Rhd8 22. Be5 Qe7 23. Be2 a5 24. h4 Rd7 25. g4 Rb7 26. Rc1 a4 27. Qg3 Nc8 28.
gxf5 Rb3 29. fxe6+ Ke8 30. Qxb3 axb3 31. Rxc6 Na7 32. Ra6 Nc7 33. Rb6 Nxe6 34.
Bc4 Nd8 35. Bd5 Nc8 36. Rxb3 Ra5 37. Bxe4 Kf8 38. h5 Nd6 39. hxg6 Nxe4 40. g7+
Kg8 41. Rxe4 Nc6 42. Rg4 Qe6 43. Rgg3 Ra8 44. f4 Qf5+ 45. Ka2 Qe6 46. Ka1 Na5
47. Rbf3 Rc8 48. Rc3 Nc4 49. Rg5 Qb6 50. b3 Qa5 51. b4 Qd5 52. Rg1 Ra8 53. Rgc1
Nb6 54. f5 Qf7 55. f6 h5 56. Rh3 Qe6 57. Rcc3 Nd5 58. Rcf3 Qf7 59. Rf5 Nxb4 60.
d5 Rxa3+ 61. Rxa3 Nc2+ 62. Kb2 Nxa3 63. Kxa3 Qa7+ 64. Kb4 Qb7+ 65. Ka3 Qa7+ 66.
Kb4 Qb7+ 67. Ka3 1/2-1/2

[Event "Olimpiade 2024 - Donne"]
[Site "Budapest"]
[Date "21.09.2024"]
[Round "10.39"]
[Board "1"]
[White "Dornbusch, Tatiana"]
[Black "Clarke, Adani"]
[Result "1-0"]
[WhiteTitle "WGM"]
[BlackTitle "WFM"]
[WhiteElo "2212"]
[BlackElo "1919"]
[WhiteTeam "Monaco"]
[BlackTeam "Jamaica"]
[WhiteFideId "14107449"]
[BlackFideId "7402082"]
[EventDate "2024.09.11"]

1. d4 e6 2. c4 Nf6 3. Nc3 Bb4 4. a3 Bxc3+ 5. bxc3 c5 6. f3 d5 7. cxd5 Nxd5 8.
dxc5 Qa5 9. e4 Qxc3+ 10. Bd2 Qe5 11. Ne2 Nf6 12. Bc3 Qc7 13. Qd6 Na6 14. Qxc7
Nxc7 15. Be5 Na6 16. Bd6 Bd7 17. Nd4 Nb8 18. Rb1 Nc6 19. Nb5 O-O-O 20. Bg3 Ne8
21. Bc4 a6 22. Nc3 Na5 23. Bxa6 Bc6 24. Bb5 Nc7 25. Bxc6 Nxc6 26. Bd6 f6 27. O-O
Rd7 28. Na4 Na8 29. Rb2 Ne5 30. Bxe5 fxe5 31. c6 bxc6 32. Rfb1 Rhd8 33. Rb8+ Kc7
34. R1b7+ Kd6 35. Rxd7+ Kxd7 36. Rxa8 Rxa8 37. Nb6+ Kc7 38. Nxa8+ Kb7 39. Kf2
Kxa8 40. Ke3 Kb7 41. Kd3 Kb6 42. Kc4 h5 43. h4 g6 44. g3 c5 45. a4 Ka5 46. Kxc5
Kxa4 47. Kd6 Kb4 48. Kxe6 Kc3 49. Kxe5 Kd3 50. Kf4 Kd4 51. Kg5 Ke3 52. e5 Kxf3
53. e6 Kxg3 54. e7 1-0

[Event "Olimpiade 2024 - Donne"]
[Site "Budapest"]
[Date "21.09.2024"]
[Round "10.39"]
[Board "2"]
[White "Miller, Rachel"]
[Black "Zvereva, Marija"]
[Result "1/2-1/2"]
[WhiteTitle "CM"]
[BlackTitle "WIM"]
[WhiteElo "1912"]
[BlackElo "2035"]
[WhiteTeam "Jamaica"]
[BlackTeam "Monaco"]
[WhiteFideId "7401302"]
[BlackFideId "4121082"]
[EventDate "2024.09.11"]

1. e4 c5 2. Nf3 Nc6 3. Bb5 d6 4. O-O Bd7 5. Re1 a6 6. Bf1 Nf6 7. c3 Bg4 8. d4
cxd4 9. cxd4 Bxf3 10. gxf3 d5 11. e5 Nh5 12. e6 fxe6 13. Nc3 Qb6 14. Bh3 Qxd4
15. Bxe6 Qxd1 16. Rxd1 Nd8 17. Bd7+ Kxd7 18. Nxd5 Rb8 19. Nf6+ Ke6 20. Nxh5 g6
21. Bf4 Rc8 22. Re1+ Kf7 23. Be5 Rg8 24. Nf4 Nc6 25. Bc3 Bh6 26. Ne6 Nd8 27.
Nxd8+ Rgxd8 28. Rad1 Bf4 29. h3 Rd6 30. Kf1 Rcd8 31. Rxd6 Rxd6 32. Re4 Bd2 33.
Bxd2 Rxd2 34. Rb4 b5 35. a4 Rd5 36. axb5 Rxb5 37. Rh4 Rxb2 38. Rxh7+ Kf6 39. Rh8
Ra2 40. Rf8+ Ke6 41. Rg8 Kf7 42. Ra8 a5 43. Ra6 a4 44. Kg2 e6 45. Ra8 a3 46. Ra6
Ra1 47. Ra8 a2 48. Ra6 Kf6 49. Ra5 g5 50. Kh2 e5 51. Kg2 Ke6 52. Kh2 Kf5 1/2-1/2

[Event "Olimpiade 2024 - Donne"]
[Site "Budapest"]
[Date "21.09.2024"]
[Round "10.39"]
[Board "3"]
[White "Berezovsky, Fiorina"]
[Black "Brown, Raehanna"]
[Result "1-0"]
[WhiteTitle "WCM"]
[BlackTitle "WFM"]
[WhiteElo "1976"]
[BlackElo "1910"]
[WhiteTeam "Monaco"]
[BlackTeam "Jamaica"]
[WhiteFideId "5400651"]
[BlackFideId "7402740"]
[EventDate "2024.09.11"]

1. d4 Nf6 2. Nc3 d5 3. Bf4 e6 4. e3 Bd6 5. Qf3 c6 6. Bd3 b5 7. g4 Qc7 8. Nge2 b4
9. Na4 Bxf4 10. exf4 Nfd7 11. g5 Ba6 12. O-O g6 13. Ng3 Bb5 14. Nc5 Nxc5 15.
dxc5 Na6 16. Bxb5 cxb5 17. Qe2 Qxc5 18. a4 bxa3 19. Rxa3 Nb4 20. Qe5 O-O 21. Ne4
Qxc2 22. Nf6+ Kh8 23. Rh3 1-0

[Event "Olimpiade 2024 - Donne"]
[Site "Budapest"]
[Date "21.09.2024"]
[Round "10.39"]
[Board "4"]
[White "Watson, Gabriella"]
[Black "Berezovska, Svetlana"]
[Result "0-1"]
[BlackTitle "WCM"]
[WhiteElo "1826"]
[BlackElo "1869"]
[WhiteTeam "Jamaica"]
[BlackTeam "Monaco"]
[WhiteFideId "7402538"]
[BlackFideId "5400740"]
[EventDate "2024.09.11"]

1. d4 d5 2. Bf4 c5 3. e3 Qb6 4. Nc3 cxd4 5. exd4 Nf6 6. Rb1 Bf5 7. Nf3 Nc6 8. a3
e6 9. Be2 a6 10. O-O Be7 11. h3 O-O 12. b4 Rfc8 13. b5 axb5 14. Rxb5 Qd8 15.
Rxb7 Na5 16. Rb5 Rxc3 17. a4 Rcc8 18. Bd3 Bxd3 19. Qxd3 Nc4 20. Qb3 h6 21. Ra1
Ne4 22. Ne5 Nxe5 23. Bxe5 Rc3 24. Qb2 Qc8 25. Ra2 Bd6 26. a5 Bxe5 27. dxe5 Rc6
28. Rb4 Rca6 29. Qa3 Qc5 0-1

[Event "Olimpiade 2024 - Donne"]
[Site "Budapest"]
[Date "21.09.2024"]
[Round "10.40"]
[Board "2"]
[White "Chung Hurtado, Yaleika"]
[Black "Mirza, Diana"]
[Result "1/2-1/2"]
[WhiteTitle "WFM"]
[BlackTitle "WFM"]
[WhiteElo "1832"]
[BlackElo "1962"]
[WhiteTeam "Panama"]
[BlackTeam "Ireland"]
[WhiteFideId "6600603"]
[BlackFideId "2503999"]
[EventDate "2024.09.11"]

1. d4 Nf6 2. Nf3 g6 3. g3 c5 4. Bg2 cxd4 5. Nxd4 Bg7 6. O-O O-O 7. c4 Nc6 8.
Nxc6 bxc6 9. Qc2 Qc7 10. b3 a5 11. Bb2 Ba6 12. Nd2 Rac8 13. Rac1 Qb8 14. Rfe1 d5
15. e4 e6 16. Qb1 Rfd8 17. exd5 cxd5 18. cxd5 Nxd5 19. Bxg7 Kxg7 20. Qb2+ Kg8
21. Rxc8 Rxc8 22. Ne4 Qc7 23. Bf1 Bxf1 24. Kxf1 h5 25. Qd2 Qc2 26. Qxc2 Rxc2 27.
Re2 Rc1+ 28. Re1 Rc6 29. Re2 h4 30. Kg2 Kg7 31. Rd2 hxg3 32. hxg3 a4 33. Rd3 f5
34. Ng5 Kf6 35. Nf3 a3 36. Nd4 Ra6 37. Nc2 g5 38. b4 Ra4 39. Rb3 Ke7 40. b5 Kd7
41. Rxa3 Rxa3 42. Nxa3 Nc3 43. Nc4 Nxa2 44. Kf3 Nc3 45. Ne5+ Kc7 46. g4 Nxb5 47.
Nf7 Nd4+ 48. Kg3 f4+ 49. Kg2 Kd7 50. Nxg5 Ke7 51. Ne4 Kf7 52. Kh3 Kg6 53. Kg2 e5 1/2-1/2

[Event "Olimpiade 2024 - Donne"]
[Site "Budapest"]
[Date "21.09.2024"]
[Round "10.40"]
[Board "3"]
[White "Gora, Antonina"]
[Black "Vasquez Jaen, Lourdes Lorena"]
[Result "1/2-1/2"]
[WhiteElo "1943"]
[BlackElo "1821"]
[WhiteTeam "Ireland"]
[BlackTeam "Panama"]
[WhiteFideId "1148290"]
[BlackFideId "6605559"]
[EventDate "2024.09.11"]

1. e4 c5 2. Nf3 g6 3. d4 cxd4 4. Nxd4 Bg7 5. c4 Nc6 6. Be3 Nf6 7. Nc3 Ng4 8.
Qxg4 Nxd4 9. Qd1 Ne6 10. Rc1 Qa5 11. Qd2 d6 12. Be2 g5 13. O-O Qe5 14. Rfd1 b6
15. b4 O-O 16. Nd5 Re8 17. f3 Bb7 18. Bf1 h5 19. Qf2 Kf8 20. g3 Bh6 21. Bh3 Rac8
22. Qd2 Qg7 23. Kh1 Rb8 24. Rf1 Bc8 25. Bxe6 fxe6 26. Nc7 Rd8 27. Nb5 Rb7 28. f4
g4 29. f5 Bxe3 30. fxe6+ Kg8 31. Qxe3 Bxe6 32. Nd4 Bc8 33. Nf5 Qg6 34. Nh6+ Kh7
35. Rf7+ Kh8 36. Rcf1 a5 37. Rf8+ Rxf8 38. Rxf8+ Kh7 39. Rxc8 e6 40. Qf4 Qg7 41.
Rf8 Qa1+ 42. Qf1 Qxf1+ 43. Rxf1 Kxh6 44. Rf6+ Kg7 45. Rxe6 Rd7 46. a3 axb4 47.
axb4 Rc7 48. Rxd6 Rxc4 49. Rxb6 Rxe4 50. b5 Re1+ 51. Kg2 Re2+ 52. Kg1 Rb2 53.
Rb7+ Kg6 54. b6 Rb1+ 55. Kf2 Rb2+ 56. Kg1 Rb1+ 57. Kf2 Rb2+ 58. Kg1 1/2-1/2

[Event "Olimpiade 2024 - Donne"]
[Site "Budapest"]
[Date "21.09.2024"]
[Round "10.40"]
[Board "4"]
[White "Carrillo Marval, Maria Angelica"]
[Black "Putar, Lara"]
[Result "0-1"]
[WhiteTitle "WCM"]
[WhiteElo "1795"]
[BlackElo "1911"]
[WhiteTeam "Panama"]
[BlackTeam "Ireland"]
[WhiteFideId "3911853"]
[BlackFideId "14546604"]
[EventDate "2024.09.11"]

1. e4 e6 2. d4 d5 3. exd5 exd5 4. Nf3 Nc6 5. h3 Bf5 6. Bd3 Bxd3 7. Qxd3 Bd6 8.
Nc3 Nge7 9. O-O Qd7 10. Nb5 O-O-O 11. c3 f6 12. Nxd6+ Qxd6 13. a4 g5 14. Nh2 h5
15. Re1 Rde8 16. b3 Rhg8 17. Ba3 Qd7 18. Bxe7 Nxe7 19. Qh7 g4 20. h4 g3 21. fxg3
Rxg3 22. Ra2 Ng6 23. Qxd7+ Kxd7 24. Rxe8 Kxe8 25. Nf3 Rg4 26. Rf2 Ke7 27. Re2+
Kf7 28. Rf2 Ke6 29. Re2+ Kf5 30. Kh2 Nf4 31. Rf2 Ke4 32. g3 Ke3 33. Rf1 Ke2 34.
Re1+ Kxf3 35. gxf4 Kf2 0-1

[Event "Olimpiade 2024 - Donne"]
[Site "Budapest"]
[Date "21.09.2024"]
[Round "10.41"]
[Board "1"]
[White "February, Jesse Nikki"]
[Black "Pipiras, Filipa Fortuna"]
[Result "1-0"]
[WhiteTitle "WIM"]
[BlackTitle "FM"]
[WhiteElo "2013"]
[BlackElo "2187"]
[WhiteTeam "South Africa"]
[BlackTeam "Portugal"]
[WhiteFideId "14312336"]
[BlackFideId "1944894"]
[EventDate "2024.09.11"]

1. e4 c5 2. Nf3 e6 3. Be2 Nc6 4. O-O d6 5. c3 Nf6 6. Qc2 Bd7 7. d4 d5 8. exd5
exd5 9. dxc5 Bxc5 10. Bg5 h6 11. Bh4 O-O 12. Nbd2 Rc8 13. Nb3 Bb6 14. Rad1 g5
15. Bg3 Ne4 16. Nfd4 f5 17. Nxc6 bxc6 18. Be5 Qe7 19. Bd4 c5 20. Be3 f4 21. Bc1
Ba4 22. c4 d4 23. Rfe1 Ba5 24. Bf3 Bxe1 25. Rxe1 Rfe8 26. Bxe4 Kg7 27. f3 Qd6
28. Qd3 Qb6 29. Nd2 Qb4 30. a3 Qb6 31. b3 Bc6 32. Rd1 a5 33. Bxc6 Re3 34. Qf5
Qxc6 35. Ne4 Rxb3 36. Qe5+ Kg8 37. Nd6 Rc7 38. Re1 Rb6 39. Qe6+ Kh7 40. Qf5+ Kg7
41. Ne8+ Kg8 42. Nxc7 Qxc7 43. Re8+ Kg7 44. Qf8+ Kg6 45. Re7 Qc6 46. Qf7# 1-0

[Event "Olimpiade 2024 - Donne"]
[Site "Budapest"]
[Date "21.09.2024"]
[Round "10.41"]
[Board "2"]
[White "Silva, Mariana"]
[Black "Badenhorst, Chloe"]
[Result "1-0"]
[WhiteTitle "WCM"]
[BlackTitle "WFM"]
[WhiteElo "2005"]
[BlackElo "1981"]
[WhiteTeam "Portugal"]
[BlackTeam "South Africa"]
[WhiteFideId "1911899"]
[BlackFideId "14339463"]
[EventDate "2024.09.11"]

1. d4 d5 2. c4 dxc4 3. Nf3 Nf6 4. e3 e6 5. Bxc4 a6 6. O-O c5 7. e4 Nxe4 8. Qe2
Nd6 9. dxc5 Nxc4 10. Qxc4 Nc6 11. Be3 Be7 12. Nc3 Bd7 13. Rad1 Qc7 14. Bf4 Qa5
15. Ne4 Na7 16. Qd4 Bc6 17. Qxg7 Rf8 18. Nd6+ Bxd6 19. Bxd6 O-O-O 20. Bxf8 Bxf3
21. gxf3 Nc6 22. Rxd8+ Qxd8 23. Bd6 Qe8 24. Qf8 1-0

[Event "Olimpiade 2024 - Donne"]
[Site "Budapest"]
[Date "21.09.2024"]
[Round "10.41"]
[Board "3"]
[White "Klaasen, Robyn Julian"]
[Black "Silva, Ana Ines Teixeira Da"]
[Result "1-0"]
[BlackTitle "WFM"]
[WhiteElo "1764"]
[BlackElo "1925"]
[WhiteTeam "South Africa"]
[BlackTeam "Portugal"]
[WhiteFideId "14305020"]
[BlackFideId "1932543"]
[EventDate "2024.09.11"]

1. d4 d5 2. c4 e6 3. Nf3 Nf6 4. g3 h6 5. Bg2 Bd6 6. O-O O-O 7. b3 b6 8. cxd5
exd5 9. Nc3 Bb7 10. Nb5 Nc6 11. Nxd6 cxd6 12. Bb2 Re8 13. Re1 Rc8 14. Ba3 Ne4
15. Rc1 Qf6 16. Qd3 a6 17. e3 Ne7 18. Rxc8 Bxc8 19. Rf1 b5 20. Nd2 Ng5 21. Kh1
Bf5 22. Qe2 Qg6 23. Rc1 Bd3 24. Qd1 a5 25. Bb2 Ne4 26. Nxe4 dxe4 27. Bf1 Bxf1
28. Qxf1 Qf5 29. Rc2 b4 30. Kg1 Rc8 31. Rc4 Nd5 32. Qc1 Rxc4 33. bxc4 Nf6 34. c5
dxc5 35. Qxc5 Qh3 36. Qb5 Ng4 37. Qe8+ Kh7 38. Qxe4+ g6 39. Qg2 Qh5 40. h3 Nf6
41. g4 Qd5 42. Qxd5 Nxd5 43. Kf1 Kg7 44. Ke2 Kf6 45. Kd3 Ke6 46. Kc4 Kd6 47. e4
Nf4 48. h4 h5 49. gxh5 gxh5 50. Bc1 Ng6 51. Bg5 Ke6 52. f4 Nf8 53. f5+ Kd7 54.
e5 Kc6 55. Bd8 a4 56. Kxb4 Kd5 57. Bb6 f6 58. e6 Nxe6 59. fxe6 Kxe6 60. Kxa4 Kd5
61. Kb4 f5 62. Kc3 Ke4 63. Bc7 f4 64. Bxf4 Kxf4 65. a4 Ke4 66. Kc4 1-0

[Event "Olimpiade 2024 - Donne"]
[Site "Budapest"]
[Date "21.09.2024"]
[Round "10.41"]
[Board "4"]
[White "Avelino, Camila Biscaya"]
[Black "Strong, Davida"]
[Result "1-0"]
[WhiteElo "1843"]
[BlackElo "1733"]
[WhiteTeam "Portugal"]
[BlackTeam "South Africa"]
[WhiteFideId "1938975"]
[BlackFideId "14333082"]
[EventDate "2024.09.11"]

1. e4 e6 2. d4 d5 3. Nd2 c5 4. exd5 Qxd5 5. Ngf3 cxd4 6. Bc4 Qd7 7. O-O a6 8. a4
Nc6 9. Nb3 Nf6 10. Nbxd4 Nxd4 11. Qxd4 Qxd4 12. Nxd4 Bd7 13. Be3 Rc8 14. Bb3 Bc5
15. Rad1 h6 16. Rfe1 O-O 17. Nf3 Bxe3 18. Rxe3 Bc6 19. Ne5 Bd5 20. Red3 b5 21.
axb5 axb5 22. h3 Bxb3 23. Rxb3 Rc5 24. Nd7 Nxd7 25. Rxd7 Rb8 26. c3 Rc4 27. Ra3
b4 28. cxb4 Rcxb4 29. Raa7 Rf4 30. Rab7 Rb4 31. Ra7 Rf4 32. Rab7 Rb4 33. Rxb8+
Rxb8 34. Rd2 Kf8 35. Kf1 Ke7 36. Ke2 f5 37. Kd1 g5 38. Kc2 Rc8+ 39. Kd1 e5 40.
b4 Rd8 41. Rxd8 Kxd8 42. Kd2 Kd7 43. Kd3 h5 44. Kc4 Kc6 45. b5+ Kd6 46. b6 Kc6
47. b7 Kxb7 48. Kd5 e4 49. Ke5 g4 50. hxg4 hxg4 51. g3 1-0

[Event "Olimpiade 2024 - Donne"]
[Site "Budapest"]
[Date "21.09.2024"]
[Round "10.42"]
[Board "1"]
[White "Timergazi, Layla"]
[Black "Ampaire, Shakira"]
[Result "1-0"]
[WhiteTitle "WIM"]
[BlackTitle "WCM"]
[WhiteElo "1979"]
[BlackElo "1839"]
[WhiteTeam "New Zealand"]
[BlackTeam "Uganda"]
[WhiteFideId "4303733"]
[BlackFideId "10002782"]
[EventDate "2024.09.11"]

1. d4 d5 2. c4 e6 3. Nc3 Nf6 4. Nf3 Bb4 5. g3 O-O 6. Bg2 Ne4 7. Qd3 Nc6 8. O-O
Nxc3 9. bxc3 Be7 10. Bf4 Bd6 11. Bxd6 Qxd6 12. Nd2 Ne7 13. e4 c6 14. c5 Qc7 15.
a4 Qa5 16. Nb3 Qc7 17. a5 Bd7 18. f4 f5 19. exd5 cxd5 20. Rfb1 a6 21. Bf1 Rae8
22. Nd2 Nc6 23. Rb6 Na7 24. c4 Bc6 25. Bg2 Rd8 26. Nf1 dxc4 27. Qxc4 Bd5 28.
Bxd5 exd5 29. Qd3 Nb5 30. Rc1 Rf6 31. Ne3 Rxb6 32. axb6 Qd7 33. Nxf5 Re8 34. Nh4
Re4 35. Nf3 Qe8 36. Kf2 Qh5 37. c6 bxc6 38. b7 Re8 39. Rxc6 Qh3 40. f5 Na7 41.
Rxa6 1-0

[Event "Olimpiade 2024 - Donne"]
[Site "Budapest"]
[Date "21.09.2024"]
[Round "10.42"]
[Board "2"]
[White "Sana Omprakash Kayyar"]
[Black "Zhang, Jasmine Haomo"]
[Result "0-1"]
[WhiteTitle "WCM"]
[BlackTitle "WIM"]
[WhiteElo "1937"]
[BlackElo "1956"]
[WhiteTeam "Uganda"]
[BlackTeam "New Zealand"]
[WhiteFideId "10021132"]
[BlackFideId "4304632"]
[EventDate "2024.09.11"]

1. d4 d5 2. Nf3 Nf6 3. c4 e6 4. g3 Bb4+ 5. Bd2 Be7 6. Bg2 b6 7. O-O O-O 8. Ne5
Bb7 9. Nc3 c6 10. Rc1 dxc4 11. e3 Qc7 12. Nxc4 Na6 13. Ne5 c5 14. Nf3 Rad8 15.
Qe2 Qb8 16. Nb5 Qa8 17. Rfd1 Ne4 18. Ne5 Bf6 19. Ng4 Be7 20. h4 h5 21. Ne5 g6
22. Be1 Bf6 23. f3 Nd6 24. Nxd6 Rxd6 25. Nc4 Rdd8 26. dxc5 Nxc5 27. b3 Rxd1 28.
Rxd1 Rd8 29. Nd6 Ba6 30. Nc4 Bb7 31. e4 Bd4+ 32. Bf2 e5 33. Qc2 Ne6 34. Qc1 Qc8
35. Ne3 Qc5 36. Qxc5 Nxc5 37. Bf1 f5 38. exf5 Bxf3 39. Rd2 Ne4 40. Rc2 gxf5 41.
Rc7 f4 42. Bc4+ Kh8 43. gxf4 exf4 44. Nd1 Bxd1 45. Bxd4+ Rxd4 46. Rc8+ Kh7 47.
Rc7+ Kh6 48. Rc6+ Rd6 49. Rxd6+ Nxd6 50. Bd5 Kg6 51. Kf2 Kf6 0-1

[Event "Olimpiade 2024 - Donne"]
[Site "Budapest"]
[Date "21.09.2024"]
[Round "10.42"]
[Board "3"]
[White "Chang, Yolanda"]
[Black "Kawuma Patricia"]
[Result "1-0"]
[WhiteTitle "WCM"]
[WhiteElo "1908"]
[BlackElo "1839"]
[WhiteTeam "New Zealand"]
[BlackTeam "Uganda"]
[WhiteFideId "4309332"]
[BlackFideId "10012486"]
[EventDate "2024.09.11"]

1. e4 e5 2. Nf3 Nc6 3. d4 exd4 4. Bc4 Nf6 5. e5 d5 6. Bb5 Ne4 7. Nxd4 Bc5 8. Be3
Bd7 9. Bxc6 bxc6 10. O-O O-O 11. f3 Ng5 12. f4 Ne4 13. Nd2 Bxd4 14. Bxd4 Nxd2
15. Qxd2 Qe7 16. Qc3 Rfe8 17. Rae1 g6 18. e6 fxe6 19. f5 Qg5 20. fxg6 hxg6 21.
Rf3 e5 22. Bxe5 Re7 23. Bf6 Rxe1+ 24. Qxe1 Qh6 25. h4 Re8 26. Qg3 Bf5 27. Rxf5
Re3 28. Rf3 Rxf3 29. Qxf3 Qc1+ 30. Kh2 Qxc2 31. Bc3 Qa4 32. Qf6 Qxh4+ 33. Qxh4 1-0

[Event "Olimpiade 2024 - Donne"]
[Site "Budapest"]
[Date "21.09.2024"]
[Round "10.42"]
[Board "4"]
[White "Takali Milly"]
[Black "Braganza, Nadia"]
[Result "0-1"]
[BlackTitle "WCM"]
[WhiteElo "1707"]
[BlackElo "1892"]
[WhiteTeam "Uganda"]
[BlackTeam "New Zealand"]
[WhiteFideId "10010173"]
[BlackFideId "4305337"]
[EventDate "2024.09.11"]

1. d4 d5 2. Bf4 Nf6 3. e3 e6 4. Nf3 Bd6 5. Ne5 O-O 6. Nd2 c5 7. c3 Qc7 8. Bd3
Nc6 9. Ndf3 h6 10. h3 Nd7 11. Nxd7 Bxd7 12. Bxd6 Qxd6 13. O-O e5 14. Bb5 cxd4
15. Bxc6 bxc6 16. exd4 e4 17. Ne5 Bf5 18. Qh5 Bh7 19. Qe2 f6 20. Ng4 f5 21. Ne5
f4 22. Qa6 Rfc8 23. b4 f3 24. Rfe1 Qf6 25. Re3 Qg5 26. g3 Bf5 27. Kh2 Bxh3 28.
Qb7 Be6 29. Rh1 Rab8 30. Qa6 Rc7 31. a4 Bh3 32. Kg1 Bg2 33. Rh4 h5 34. Qa5 Rcb7
35. Qc5 Rf8 36. Qxc6 Rb6 37. Qxd5+ Kh7 38. Qxe4+ g6 39. Nd7 Rf7 40. Nxb6 axb6
41. Qe5 Qh6 42. Qd5 Kg7 43. Rhe4 h4 44. Qe5+ Kg8 45. Rxh4 Qg7 46. Qxg7+ Kxg7 47.
d5 Ra7 48. b5 Rd7 49. Rd4 Kf7 50. d6 g5 51. Re5 Kf6 52. Re8 Rh7 53. Rh4 gxh4 54.
g4 Rd7 55. Rc8 Rxd6 56. Rc6 Ke5 57. Rxd6 Kxd6 58. Kh2 Bf1 59. g5 Ke5 60. Kg1 Bc4
61. Kh2 Kf5 62. g6 Kxg6 63. Kh3 Kg5 64. Kh2 Kg4 65. Kh1 Bb3 66. a5 bxa5 67. b6
Bd5 68. c4 Bb7 69. c5 a4 70. Kh2 a3 0-1

[Event "Olimpiade 2024 - Donne"]
[Site "Budapest"]
[Date "21.09.2024"]
[Round "10.43"]
[Board "1"]
[White "Gong, Qianyun"]
[Black "Quevedo, Andreina"]
[Result "1-0"]
[WhiteTitle "WGM"]
[BlackTitle "WFM"]
[WhiteElo "2250"]
[BlackElo "1851"]
[WhiteTeam "Singapore"]
[BlackTeam "Uruguay"]
[WhiteFideId "8602425"]
[BlackFideId "3004147"]
[EventDate "2024.09.11"]

1. e4 d6 2. d4 Nf6 3. Nc3 e5 4. Nf3 Nbd7 5. Bc4 Be7 6. O-O O-O 7. Re1 c6 8. a4
h6 9. h3 Re8 10. a5 Rb8 11. Be3 b5 12. axb6 axb6 13. Bb3 exd4 14. Nxd4 Qc7 15.
Bf4 Bf8 16. Ndb5 cxb5 17. Nxb5 Qc6 18. Nxd6 Bxd6 19. Qxd6 Qxd6 20. Bxd6 Rb7 21.
e5 Nxe5 22. Rxe5 Rxe5 23. Bxe5 Be6 24. Ra8+ Kh7 25. Bxe6 fxe6 26. Rb8 Rxb8 27.
Bxb8 Kg6 28. Kf1 Kf5 29. Ke2 b5 30. Kd3 e5 31. c4 bxc4+ 32. Kxc4 g5 33. b4 g4
34. hxg4+ Nxg4 35. Ba7 e4 36. Kd5 Nf6+ 37. Kc6 Ke6 38. b5 Nd5 39. b6 Ne7+ 40.
Kc5 Kd7 41. b7 1-0

[Event "Olimpiade 2024 - Donne"]
[Site "Budapest"]
[Date "21.09.2024"]
[Round "10.43"]
[Board "2"]
[White "Fabra, Nahiara"]
[Black "Pang, Kay Yan Eden"]
[Result "0-1"]
[WhiteElo "1932"]
[BlackElo "1847"]
[WhiteTeam "Uruguay"]
[BlackTeam "Singapore"]
[WhiteFideId "3009572"]
[BlackFideId "5825229"]
[EventDate "2024.09.11"]

1. e4 c5 2. Nf3 e6 3. d4 cxd4 4. c3 dxc3 5. Nxc3 Nc6 6. Bc4 a6 7. O-O Nge7 8.
Bg5 h6 9. Be3 Ng6 10. Bb3 d6 11. Rc1 Be7 12. Qe2 O-O 13. Rfd1 Bd7 14. Na4 b5 15.
Nb6 Rb8 16. Nxd7 Qxd7 17. Rd2 Qb7 18. Rcd1 Na5 19. Bd4 Nxb3 20. axb3 e5 21. Be3
Qxe4 22. g3 Qb4 23. Rc2 Qxb3 24. Rc3 Qe6 25. Rc6 a5 26. Bb6 Rfc8 27. Rxc8+ Qxc8
28. Qxb5 Qb7 29. Qxa5 Qxb6 30. Qxb6 Rxb6 31. Rb1 Bf6 32. Nd2 d5 33. f3 Ne7 34.
b3 Nc6 35. Kf2 Be7 36. Ke3 Bc5+ 37. Ke2 f5 38. Rc1 Nd4+ 39. Kd3 e4+ 40. fxe4
fxe4+ 41. Kc3 Ne2+ 0-1

[Event "Olimpiade 2024 - Donne"]
[Site "Budapest"]
[Date "21.09.2024"]
[Round "10.43"]
[Board "3"]
[White "Koh, Wei Le Gladys"]
[Black "Silva Rosas, Natalia"]
[Result "1-0"]
[BlackTitle "WCM"]
[WhiteElo "1788"]
[BlackElo "1868"]
[WhiteTeam "Singapore"]
[BlackTeam "Uruguay"]
[WhiteFideId "5820669"]
[BlackFideId "3000575"]
[EventDate "2024.09.11"]

1. e4 d5 2. exd5 Qxd5 3. Nc3 Qd6 4. d4 c6 5. Nf3 Bf5 6. Be3 e6 7. Bc4 Nf6 8. h3
h5 9. Qe2 Nbd7 10. O-O-O Nb6 11. Bb3 Nfd5 12. Nxd5 Nxd5 13. Bg5 Qc7 14. g3 Be7
15. Bxe7 Nxe7 16. Ne5 Bg6 17. d5 exd5 18. Nxg6 fxg6 19. Rhe1 Rd8 20. c4 Rd7 21.
cxd5 cxd5+ 22. Kb1 O-O 23. Ba4 Nc6 24. g4 Re7 25. Qd3 Qa5 26. Rxe7 Nxe7 27. Bb3
h4 28. Qe2 Qc5 29. Qe6+ Kh7 30. Rc1 Qb4 31. Re1 Nc6 32. Bxd5 Nd4 33. Qe7 Qxe7
34. Rxe7 Rxf2 35. a4 b6 36. Re4 Nf3 37. Ka2 Ng5 38. Re5 Kh6 39. Re7 a5 40. Rb7
Rd2 41. Bh1 Nxh3 42. Rxb6 Nf2 43. Bf3 Rd4 44. b3 Nxg4 45. Rb5 Rf4 46. Bc6 Ne3
47. Rxa5 Rf2+ 48. Kb1 h3 49. Rc5 Nf1 50. Rc1 h2 51. Rc2 Nd2+ 52. Kb2 Kg5 53. a5
Kf4 54. Bh1 Ke3 55. b4 Rf1 56. Rc1 Rf4 57. Ka3 g5 58. a6 Nc4+ 59. Ka4 Nb6+ 60.
Kb5 Kd2 61. Ra1 Nc8 62. Kc5 Na7 63. Bd5 Rf5 64. Ra2+ Ke3 65. Rxh2 Rf6 66. b5 Nc8
67. Bb7 Nb6 68. Bc6 Na4+ 69. Kb4 Nb6 70. Ra2 Rf4+ 71. Kc5 Nc8 72. Bd7 Rf8 73.
Bxc8 Rxc8+ 74. Kd6 g4 75. b6 g3 76. b7 Rf8 77. a7 Rf6+ 78. Ke5 1-0

[Event "Olimpiade 2024 - Donne"]
[Site "Budapest"]
[Date "21.09.2024"]
[Round "10.43"]
[Board "4"]
[White "Cardozo, Camila"]
[Black "Fang, Kun"]
[Result "0-1"]
[BlackTitle "WCM"]
[WhiteElo "1673"]
[BlackElo "1769"]
[WhiteTeam "Uruguay"]
[BlackTeam "Singapore"]
[WhiteFideId "3004457"]
[BlackFideId "5819660"]
[EventDate "2024.09.11"]

1. d4 d5 2. Bf4 Nf6 3. e3 c5 4. Nf3 Nc6 5. Nbd2 Bf5 6. c3 Qb6 7. Nh4 Bg4 8. f3
Bd7 9. Qc2 h6 10. Be5 cxd4 11. Bxd4 Nxd4 12. exd4 g5 13. Nf5 Qe6+ 14. Be2 0-1